[Event "Any Which Way To Go!!"]
[Site "SchemingMind.com"]
[Date "2006.10.25"]
[Round "-"]
[White "Coloplast"]
[Black "Orhany24"]
[Result "1-0"]
[WhiteCountry "SWE"]
[BlackCountry "TUR"]
[WhiteElo "1976"]
[WhiteRD "83"]
[BlackElo "1835"]
[BlackRD "68"]
[GameID "73650"]

1. d4 d5 2. c4 e6 3. Nc3 h6 4. Bf4 a6 5. e3 Nf6 6. Nf3 c5 7. cxd5 exd5 8. dxc5 Bxc5 9. Be2 O-O 10. O-O Nc6
11. a3 b5 12. Ne5 Bb7 13. Bf3 Nxe5 14. Bxe5 Ne4 15. Bxe4 dxe4 16. b4 Bb6 17. Ne2 Qg5 18. Bf4 Qg4 19. Ng3 Rfd8 20. Qxg4
1-0

[Event "Any Which Way To Go!!"]
[Site "SchemingMind.com"]
[Date "2006.10.26"]
[Round "-"]
[White "Orhany24"]
[Black "Coloplast"]
[Result "1/2-1/2"]
[WhiteCountry "TUR"]
[BlackCountry "SWE"]
[WhiteElo "1820"]
[WhiteRD "67"]
[BlackElo "1984"]
[BlackRD "78"]
[GameID "73651"]

1. e4 c5 2. Nf3 Nc6 3. d4 cxd4 4. Nxd4 d5 5. Bb5 Bd7 6. exd5 Nxd4 7. Bxd7+ Qxd7 8. Qxd4 Nf6 9. c4 e6 10. O-O b6
11. Nc3 Bc5 12. Qe5 O-O 13. Bg5 Bd6 14. Qd4 e5 15. Qh4 Ne8 16. Qe4 f5 17. Qc2 h6 18. Bc1 Rc8 19. b3 Bc5 20. Kh1 Nd6
21. f4 e4 22. Qe2 Bd4 23. Bb2 Bf6 24. Rad1 Nb7 25. Na4 Nc5 26. Nxc5 Rxc5 27. Be5 Qe7 28. Qb2 Kf7 29. d6 Qd7 30. Rd5 Re8
31. Rfd1 Re6 32. h3 g5 33. g3 Rxd5 34. Rxd5 Rxd6 35. Bxf6 Rxd5 36. cxd5 Qxd5 37. Qd4 Qc6 38. Be5 e3+ 39. Kg1 Qc1+ 40. Kg2 Qc2+
41. Kh1 Qc1+ 42. Kg2 Qd2+ 43. Kg1 Qf2+ 44. Kh1= Qf3+ 45. Kh2 Qf2+ 46. Kh1=
1/2-1/2

[Event "Any Which Way To Go!!"]
[Site "SchemingMind.com"]
[Date "2006.10.27"]
[Round "-"]
[White "vorpalcrush"]
[Black "Orhany24"]
[Result "0-1"]
[WhiteCountry "AUS"]
[BlackCountry "TUR"]
[WhiteElo "1260"]
[WhiteRD "104"]
[BlackElo "1835"]
[BlackRD "68"]
[GameID "73888"]

1. Nf3 d5 2. g3 c5 3. Bg2 Nc6 4. d3 e5 5. Nbd2 h6 6. O-O Bd6 7. b3 Nge7 8. Bb2 O-O 9. c4 d4 10. Ne1 f5
11. f4 Bd7 12. Nef3 Qc7 13. Nh4 Rae8 14. a4 g5 15. fxg5 hxg5 16. Nhf3 g4 17. Nxe5 Bxe5 18. Ba3 b6 19. h3 Bxg3 20. hxg4 fxg4
21. Rxf8+ Rxf8 22. e4 dxe3 23. Ne4 Nd4 24. b4 Bf2+ 25. Nxf2 Rxf2 26. Bd5+ Nxd5 27. cxd5 Qh2#
0-1

[Event "Any Which Way To Go!!"]
[Site "SchemingMind.com"]
[Date "2006.10.28"]
[Round "-"]
[White "vorpalcrush"]
[Black "Coloplast"]
[Result "0-1"]
[WhiteCountry "AUS"]
[BlackCountry "SWE"]
[WhiteElo "1392"]
[WhiteRD "96"]
[BlackElo "1984"]
[BlackRD "78"]
[GameID "73889"]

1. Nf3 d5 2. g3 Nf6 3. Bg2 Bf5 4. O-O e6 5. d3 c5 6. Bf4 Nc6 7. Nbd2 Bd6 8. Bxd6 Qxd6 9. Re1 O-O 10. e4 Bg4
11. h3 Bxf3 12. Qxf3 dxe4 13. Nxe4 Nxe4 14. Qxe4 Qd4 15. Qxd4 Nxd4 16. Rac1 Rab8 17. c3 Nf5 18. g4 Nh4 19. Bh1 b6 20. d4 Rbc8
21. dxc5 Rxc5 22. Red1 Ng6 23. b4 Rc4 24. Rd7 a5 25. bxa5 bxa5 26. Kh2 h6 27. Kg3 Rfc8 28. Rd3 Nf4 29. Re3 g5 30. h4 Rxc3
31. Re1 Rxe3+ 32. Rxe3 Rc1 33. hxg5 hxg5 34. Be4 Kg7 35. Kf3 Rc5 36. a4 Rc4 37. Ra3 Kf6 38. Bb7 Ke5 39. Ba6 Rb4 40. Bb5 Nd5
41. Ra1 Rb3+ 42. Ke2 Nc3+ 43. Kd3 Nxb5+ 44. Kc4 Rb4+ 45. Kc5 Nc3 46. Re1+ Kf4
0-1

[Event "Any Which Way To Go!!"]
[Site "SchemingMind.com"]
[Date "2006.10.27"]
[Round "-"]
[White "Orhany24"]
[Black "vorpalcrush"]
[Result "1-0"]
[WhiteCountry "TUR"]
[BlackCountry "AUS"]
[WhiteElo "1835"]
[WhiteRD "68"]
[BlackElo "1260"]
[BlackRD "104"]
[GameID "73891"]

1. e4 e5 2. d3 Nf6 3. a3 Be7 4. Nc3 Nc6 5. f4 O-O 6. Nf3 d6 7. Be2 Bg4 8. O-O d5 9. Nxe5 Nxe5 10. fxe5 Bxe2
11. Qxe2 Bc5+ 12. Kh1 Nd7 13. exd5 Re8 14. e6 f6 15. Qh5 Ne5 16. Bf4 Qe7 17. Bxe5 fxe5 18. Ne4 Be3 19. Rf3 Bh6 20. Qxe5 c6
21. c4 cxd5 22. cxd5 Rf8 23. Rxf8+ Rxf8 24. d6 Qf6 25. Nxf6+ Rxf6 26. e7 Bf4 27. e8=Q+ Rf8 28. Q5e6+
1-0

[Event "Any Which Way To Go!!"]
[Site "SchemingMind.com"]
[Date "2006.10.29"]
[Round "-"]
[White "Coloplast"]
[Black "vorpalcrush"]
[Result "1-0"]
[WhiteCountry "SWE"]
[BlackCountry "AUS"]
[WhiteElo "1976"]
[WhiteRD "83"]
[BlackElo "1260"]
[BlackRD "104"]
[GameID "73892"]

1. d4 Nf6 2. c4 g6 3. Nc3 Bg7 4. Bf4 O-O 5. e3 d5 6. Nf3 c5 7. dxc5 Qa5 8. Be5 Re8 9. Qa4 Qxc5 10. Bxf6 exf6
11. Qxe8+ Bf8 12. Nxd5 Nd7 13. b4 Qd6 14. O-O-O b5 15. c5 Nxc5 16. bxc5 Qxc5+ 17. Kb2 Qa3+ 18. Ka1 Kg7 19. Bxb5 Rb8 20. Rd3 Qa5
21. Rb1 a6 22. Bc4 Rxb1+ 23. Kxb1 Qb4+ 24. Nxb4
1-0

[Event "Any Which Way To Go!!"]
[Site "SchemingMind.com"]
[Date "2006.10.27"]
[Round "-"]
[White "nwhitelaw"]
[Black "Orhany24"]
[Result "0-1"]
[WhiteCountry "GBR"]
[BlackCountry "TUR"]
[WhiteElo "1396"]
[WhiteRD "101"]
[BlackElo "1835"]
[BlackRD "68"]
[GameID "73895"]

1. e4 c5 2. d4 cxd4 3. Qxd4 Nc6 4. Qa4 d5 5. Nc3 e6 6. Nf3 h6 7. exd5 exd5 8. Ne5 Qc7 9. Bf4 Nf6 10. Nb5 Qb6
11. c4 Bb4+ 12. Kd1 O-O 13. f3 dxc4 14. Bxc4 Nxe5 15. Bxe5 Qd8+ 16. Nd4 Bc5 17. Re1 Bxd4 18. g4 Bxe5+ 19. Kc2 Qd4 20. Rad1 Qxb2+
21. Kd3 Rd8+ 22. Ke3 Bd4+ 23. Kf4 Qxh2#
0-1

[Event "Any Which Way To Go!!"]
[Site "SchemingMind.com"]
[Date "2006.10.28"]
[Round "-"]
[White "nwhitelaw"]
[Black "Coloplast"]
[Result "0-1"]
[WhiteCountry "GBR"]
[BlackCountry "SWE"]
[WhiteElo "1438"]
[WhiteRD "216"]
[BlackElo "1921"]
[BlackRD "94"]
[GameID "73896"]

1. e4 c5 2. Nf3 Nc6 3. Bc4 e6 4. d4 cxd4 5. Nxd4 Bc5 6. Be3 Qb6 7. a3 Bxd4 8. Bxd4 Qxd4 9. Bd3 Nf6 10. c3 Qe5
11. g3 d5 12. f4 Qh5 13. Qa4 Qf3 14. e5 Qxh1+ 15. Kf2 Ng4+ 16. Ke2 Qxh2+ 17. Kd1 Ne3+ 18. Kc1 Qg1+
0-1

[Event "Any Which Way To Go!!"]
[Site "SchemingMind.com"]
[Date "2006.10.28"]
[Round "-"]
[White "nwhitelaw"]
[Black "vorpalcrush"]
[Result "0-1"]
[WhiteCountry "GBR"]
[BlackCountry "AUS"]
[WhiteElo "1396"]
[WhiteRD "101"]
[BlackElo "1260"]
[BlackRD "104"]
[GameID "73897"]

1. e4 e5 2. Nf3 Nc6 3. d4 exd4 4. Nxd4 Nf6 5. Bd3 Nxd4 6. O-O Be7 7. Be3 Nc6 8. c3 O-O 9. e5 Nxe5 10. Bd4 Nxd3
11. Qxd3 c5 12. Be5 d6 13. Bxf6 Bxf6 14. Nd2 Re8 15. Rfe1 Rxe1+ 16. Rxe1 Be6 17. Ne4 Be5 18. b4 cxb4 19. cxb4 d5 20. Nd2 Bd6
21. a3 a5 22. Qb5 b6 23. Nb3 axb4 24. axb4 Ra2 25. Nc1 Ra1
0-1

[Event "Any Which Way To Go!!"]
[Site "SchemingMind.com"]
[Date "2006.10.27"]
[Round "-"]
[White "Orhany24"]
[Black "nwhitelaw"]
[Result "1-0"]
[WhiteCountry "TUR"]
[BlackCountry "GBR"]
[WhiteElo "1835"]
[WhiteRD "68"]
[BlackElo "1396"]
[BlackRD "101"]
[GameID "73899"]

1. e4 Nf6 2. e5 Nd5 3. c4 Nb6 4. d4 d5 5. c5 N6d7 6. Nc3 c6 7. Bd3 b6 8. b4 e6 9. Nge2 f6 10. Nf4 fxe5
11. Qh5+ g6 12. Nxg6 Nf6 13. Qxe5 Rg8 14. Nxf8 Kxf8 15. Bh6+ Ke8 16. O-O-O Ng4 17. Qh5+ Kd7 18. Qf7+ Qe7 19. Qxg8 Nxf2 20. Rhf1 Qh4
21. Bg5 Qxd4 22. Qd8#
1-0

[Event "Any Which Way To Go!!"]
[Site "SchemingMind.com"]
[Date "2006.10.28"]
[Round "-"]
[White "Coloplast"]
[Black "nwhitelaw"]
[Result "1-0"]
[WhiteCountry "SWE"]
[BlackCountry "GBR"]
[WhiteElo "1976"]
[WhiteRD "83"]
[BlackElo "1396"]
[BlackRD "101"]
[GameID "73900"]

1. d4 Nc6 2. c4 e5 3. d5 Na5 4. e4 Nf6 5. Nc3 Bb4 6. Qc2 O-O 7. Nf3 d6 8. a3 Bxc3+ 9. bxc3 b6 10. Bg5 Ba6
11. Nd2 h6 12. Bh4 g5 13. Bg3 h5 14. f3 h4 15. Bf2 g4 16. Bxh4 gxf3 17. gxf3 c5 18. Rg1+ Kh8 19. Rg5 Rg8 20. Rf5 Rg6
21. f4 Nxc4 22. Nxc4 Bxc4 23. Bxc4 Qg8 24. Bxf6+ Kh7 25. Rh5+
1-0

[Event "Any Which Way To Go!!"]
[Site "SchemingMind.com"]
[Date "2006.10.28"]
[Round "-"]
[White "vorpalcrush"]
[Black "nwhitelaw"]
[Result "0-1"]
[WhiteCountry "AUS"]
[BlackCountry "GBR"]
[WhiteElo "1260"]
[WhiteRD "104"]
[BlackElo "1396"]
[BlackRD "101"]
[GameID "73901"]

1. Nf3 e6 2. c4 Bc5 3. d4 Bb4+ 4. Bd2 Nc6 5. a3 Bxd2+ 6. Qxd2 d5 7. c5 Nf6 8. Nc3 Ne4 9. Nxe4 dxe4 10. Ng5 Nxd4
11. Qf4 O-O 12. e3 Nc2+ 13. Ke2 Qd3#
0-1

[Event "Any Which Way To Go!!"]
[Site "SchemingMind.com"]
[Date "2006.10.27"]
[Round "-"]
[White "e_castle3"]
[Black "Orhany24"]
[Result "1-0"]
[WhiteCountry "PHI"]
[BlackCountry "TUR"]
[WhiteElo "1785"]
[WhiteRD "68"]
[BlackElo "1820"]
[BlackRD "67"]
[GameID "73917"]

1. Nf3 d5 2. d4 h6 3. c4 e6 4. Nc3 Nf6 5. e3 c5 6. cxd5 exd5 7. Bb5+ Nc6 8. Ne5 Bd7 9. Nxd7 Qxd7 10. dxc5 Bxc5
11. O-O O-O 12. a3 a6 13. Ba4 b5 14. Bc2 d4 15. exd4 Qxd4 16. Qf3 Rac8 17. Be3 Qe5 18. Rfe1 Bxe3 19. Rxe3 Qg5 20. Rd1 Ne5
21. Qb7 Nc4 22. Rg3 Qh5 23. Qxa6 Nxb2 24. Qxf6 g6 25. Rd5
1-0

[Event "Any Which Way To Go!!"]
[Site "SchemingMind.com"]
[Date "2006.10.28"]
[Round "-"]
[White "e_castle3"]
[Black "Coloplast"]
[Result "0-1"]
[WhiteCountry "PHI"]
[BlackCountry "SWE"]
[WhiteElo "1785"]
[WhiteRD "68"]
[BlackElo "1984"]
[BlackRD "78"]
[GameID "73918"]

1. Nf3 d5 2. d4 Nf6 3. c4 c6 4. Nc3 dxc4 5. e4 b5 6. e5 Nd5 7. Bd2 Bf5 8. b3 cxb3 9. Qxb3 e6 10. Nxd5 exd5
11. a4 Be7 12. axb5 O-O 13. Be2 c5 14. Be3 c4 15. Qb2 Nd7 16. O-O Qb8 17. Ra6 Nb6 18. Rfa1 Qb7 19. Nd2 Rfb8 20. f4 g6
21. g4 Bc8 22. Qa2 Qd7 23. Rxa7 Rxa7 24. Qxa7 Ra8 25. Qxa8 Nxa8 26. Rxa8 Qb7 27. Ra1 Qxb5 28. Rb1 Qc6 29. Bd1 Ba6 30. Nf3 c3
31. Rb8+ Kg7 32. Bc2 Qc4 33. Rb1 Qe2
0-1

[Event "Any Which Way To Go!!"]
[Site "SchemingMind.com"]
[Date "2006.10.28"]
[Round "-"]
[White "e_castle3"]
[Black "vorpalcrush"]
[Result "1-0"]
[WhiteCountry "PHI"]
[BlackCountry "AUS"]
[WhiteElo "1764"]
[WhiteRD "68"]
[BlackElo "1372"]
[BlackRD "97"]
[GameID "73919"]

1. e4 e5 2. Nf3 Nc6 3. Bb5 a6 4. Ba4 d6 5. O-O Nf6 6. Re1 Be7 7. c3 O-O 8. d4 exd4 9. cxd4 Bg4 10. d5 Ne5
11. h3 Nxf3+ 12. gxf3 Bd7 13. Bc2 h6 14. Kh2 Qc8 15. Rg1 c6 16. Bxh6 Ng4+ 17. fxg4 Bf6 18. Bc1 cxd5 19. exd5 Re8 20. Qd3 Qc5
21. Rf1 Be5+ 22. f4 Bb5 23. Qh7+ Kf8 24. Qh8+ Ke7 25. Qh4+ Bf6 26. Re1+ Kd8 27. g5 Qxc2+ 28. Kh1 Rxe1+ 29. Qxe1 Bxb2 30. Bxb2 Qxb2
31. Nc3 Rc8 32. Nxb5 Qxb5 33. Qe4 Rc4 34. Qf5 Qb2 35. Re1 Qxa2 36. Qxf7 Qa4 37. Qe7+ Kc8 38. Qe8+ Qxe8 39. Rxe8+ Kd7 40. Rg8 Rxf4
41. Rxg7+ Kc8 42. g6 Rf6 43. Rg8+ Kd7 44. g7 Ke7 45. Re8+ Kf7 46. g8=Q#
1-0

[Event "Any Which Way To Go!!"]
[Site "SchemingMind.com"]
[Date "2006.10.27"]
[Round "-"]
[White "e_castle3"]
[Black "nwhitelaw"]
[Result "1-0"]
[WhiteCountry "PHI"]
[BlackCountry "GBR"]
[WhiteElo "1814"]
[WhiteRD "66"]
[BlackElo "1396"]
[BlackRD "101"]
[GameID "73920"]

1. d4 Nc6 2. d5 Ne5 3. Nf3 d6 4. Nxe5 dxe5 5. e4 Nf6 6. Bd3 e6 7. c4 Bc5 8. O-O exd5 9. cxd5 Bg4 10. Qc2 O-O
11. Qxc5 b6 12. Qc2 Nh5 13. Nc3 Qh4 14. f3 Bd7 15. Ne2 Rac8 16. Be3 c6 17. Qa4 a5 18. Bxb6 Qg5 19. Kh1 Qe3 20. Bxe3
1-0

[Event "Any Which Way To Go!!"]
[Site "SchemingMind.com"]
[Date "2006.10.28"]
[Round "-"]
[White "Orhany24"]
[Black "e_castle3"]
[Result "1-0"]
[WhiteCountry "TUR"]
[BlackCountry "PHI"]
[WhiteElo "1824"]
[WhiteRD "70"]
[BlackElo "1775"]
[BlackRD "72"]
[GameID "73922"]

1. e4 e5 2. Nf3 Nc6 3. Bc4 Bc5 4. c3 d6 5. h3 Be6 6. Bxe6 fxe6 7. d4 exd4 8. cxd4 Bb4+ 9. Bd2 Bxd2+ 10. Nbxd2 Qf6
11. Nb3 Qg6 12. O-O O-O-O 13. d5 exd5 14. exd5 Nce7 15. Rc1 Nf6 16. Nbd4 Nfxd5 17. Qa4 Kb8 18. Rfe1 c5 19. Ne6 Rde8 20. Qd7 Nf5
21. Nxc5 dxc5 22. Qxd5 Rxe1+ 23. Rxe1 Rc8 24. Ne5 Qd6 25. Nd7+ Kc7 26. Qxc5+ Qxc5 27. Nxc5 Kb8 28. Nd3 Rd8 29. Nf4 Rd2 30. Re2 Rxe2
31. Nxe2 Kc7 32. g4 Nh4 33. f4 Nf3+ 34. Kf2 Nd2 35. f5 Kd6 36. Ke3 Nc4+ 37. Kf4 Nxb2 38. h4 Nd3+ 39. Ke4 Ne5 40. g5 a6
41. Nf4 b5 42. f6 gxf6 43. gxf6 a5 44. Nd5 b4 45. Ne3 Ke6 46. Nd5 Ng4 47. f7 Kxf7 48. Kd4 Nf6 49. Nxf6 Kxf6 50. Kc5 Kf5
51. Kb5
1-0

[Event "Any Which Way To Go!!"]
[Site "SchemingMind.com"]
[Date "2006.10.28"]
[Round "-"]
[White "Coloplast"]
[Black "e_castle3"]
[Result "1/2-1/2"]
[WhiteCountry "SWE"]
[BlackCountry "PHI"]
[WhiteElo "1976"]
[WhiteRD "83"]
[BlackElo "1814"]
[BlackRD "66"]
[GameID "73923"]

1. d4 d5 2. c4 c6 3. Nc3 Bf5 4. Bf4 e6 5. e3 Nf6 6. Nf3 Nbd7 7. Bd3 Bxd3 8. Qxd3 dxc4 9. Qxc4 Nb6 10. Qb3 Bd6
11. Bg3 Bxg3 12. hxg3 O-O 13. O-O Qc7 14. Ne5 Nbd7 15. Nxd7 Qxd7 16. Na4 b6 17. Rac1 Rfc8 18. Nc3 Nd5=
1/2-1/2

[Event "Any Which Way To Go!!"]
[Site "SchemingMind.com"]
[Date "2006.10.28"]
[Round "-"]
[White "vorpalcrush"]
[Black "e_castle3"]
[Result "0-1"]
[WhiteCountry "AUS"]
[BlackCountry "PHI"]
[WhiteElo "1372"]
[WhiteRD "97"]
[BlackElo "1764"]
[BlackRD "68"]
[GameID "73924"]

1. Nf3 Nf6 2. g3 g6 3. Bg2 Bg7 4. O-O O-O 5. d3 c6 6. Bd2 Qb6 7. c4 Qxb2 8. Bc3 Qb6 9. Nbd2 d6 10. Rb1 Qc7
11. e3 Bg4 12. h3 Bf5 13. e4 Bc8 14. Ne1 Nbd7 15. f4 Re8 16. Nc2 Nc5 17. d4 Na4 18. Ba1 Bd7 19. Ne3 c5 20. d5 Nb6
21. Bxf6 exf6 22. f5 Na4 23. Qc2 a6 24. fxg6 hxg6 25. Qb3 b5 26. cxb5 axb5 27. g4 Bh6 28. Rbe1 c4 29. Qb1 Qa5 30. Nf3 Nc3
31. Qc2 Nxe4 32. Nxc4 Qa7+ 33. Kh2 Bf4+ 34. Kh1 Ng3+ 35. Kh2 Nxf1+ 36. Kh1 Ng3+ 37. Kh2 Rxe1 38. Ncd2 Ne2#
0-1

[Event "Any Which Way To Go!!"]
[Site "SchemingMind.com"]
[Date "2006.10.28"]
[Round "-"]
[White "nwhitelaw"]
[Black "e_castle3"]
[Result "0-1"]
[WhiteCountry "GBR"]
[BlackCountry "PHI"]
[WhiteElo "1396"]
[WhiteRD "101"]
[BlackElo "1814"]
[BlackRD "66"]
[GameID "73925"]

1. e4 g6 2. Bc4 Bg7 3. Qf3 e6 4. Nc3 Nc6 5. Nh3 Nge7 6. Nd5 exd5 7. exd5 Ne5 8. Qf4 Nxc4 9. Qxc4 d6 10. d3 Bxh3
11. gxh3 Qd7 12. O-O O-O 13. Bg5 Nf5 14. Qe4 Rfe8 15. Qg4 h6 16. Bd2 h5 17. Qf4 Bxb2 18. Rae1 Be5 19. Qb4 Nd4 20. Qxb7 Qxh3
21. Re3 Qxh2#
0-1

[Event "Any Which Way To Go!!"]
[Site "SchemingMind.com"]
[Date "2006.10.28"]
[Round "-"]
[White "Quanah4"]
[Black "Orhany24"]
[Result "0-1"]
[WhiteCountry "USA"]
[BlackCountry "TUR"]
[WhiteElo "1486"]
[WhiteRD "133"]
[BlackElo "1835"]
[BlackRD "68"]
[GameID "74017"]

1. d4 d5 2. e3 e6 3. c4 c5 4. Nc3 Nf6 5. Nf3 Nc6 6. Be2 Be7 7. O-O O-O 8. b3 b6 9. Re1 Bb7 10. Bd3 h6
11. e4 dxe4 12. Nxe4 Nxd4 13. Bb2 Nxf3+ 14. Qxf3 Nxe4 15. Bxe4 Bxe4 16. Qxe4 Bf6 17. Qc2 Bxb2 18. Qxb2 Qd4 19. Qc2 Rad8 20. Red1 Qf6
21. h3 Rd4 22. Rac1 Rfd8 23. Re1 Rd2 24. Qb1 Qxf2+
0-1

[Event "Any Which Way To Go!!"]
[Site "SchemingMind.com"]
[Date "2006.10.28"]
[Round "-"]
[White "Quanah4"]
[Black "e_castle3"]
[Result "0-1"]
[WhiteCountry "USA"]
[BlackCountry "PHI"]
[WhiteElo "1604"]
[WhiteRD "87"]
[BlackElo "1764"]
[BlackRD "68"]
[GameID "74018"]

1. d4 d5 2. e3 Nf6 3. c4 c6 4. Nc3 Bf5 5. Nf3 e6 6. a3 Be7 7. b4 O-O 8. Be2 Nbd7 9. O-O dxc4 10. Bxc4 Nb6
11. Bd3 Bg4 12. Bb2 Qc7 13. e4 Rad8 14. Be2 Bxf3 15. Bxf3 Nc4 16. Rb1 Nxb2 17. Rxb2 e5 18. d5 cxd5 19. Nxd5 Nxd5 20. exd5 f5
21. Rc2 Qd6 22. g3 e4 23. Be2 Kh8 24. Bc4 Bf6 25. f4 a6 26. Qe2 Rc8 27. Rfc1 g5 28. Qf2 Bd8 29. Kg2 Bb6 30. Qe2 gxf4
31. gxf4 Qxf4 32. Rd1 Rg8+ 33. Kh1 e3 34. Rf1 Qe4+ 35. Rf3 Qg4 36. Qf1 e2 37. Rxe2 Qg1+
0-1

[Event "Any Which Way To Go!!"]
[Site "SchemingMind.com"]
[Date "2006.10.28"]
[Round "-"]
[White "Quanah4"]
[Black "Coloplast"]
[Result "0-1"]
[WhiteCountry "USA"]
[BlackCountry "SWE"]
[WhiteElo "1486"]
[WhiteRD "133"]
[BlackElo "1976"]
[BlackRD "83"]
[GameID "74019"]

1. c4 e5 2. Nc3 Nc6 3. e4 Bc5 4. d3 d6 5. Nf3 Nge7 6. a3 f5 7. g3 O-O 8. Bg2 h6 9. b4 Bd4 10. Qc2 fxe4
11. dxe4 Bg4 12. Nxd4 Nxd4 13. f3 Nxc2+
0-1

[Event "Any Which Way To Go!!"]
[Site "SchemingMind.com"]
[Date "2006.10.28"]
[Round "-"]
[White "Quanah4"]
[Black "vorpalcrush"]
[Result "1-0"]
[WhiteCountry "USA"]
[BlackCountry "AUS"]
[WhiteElo "1608"]
[WhiteRD "101"]
[BlackElo "1392"]
[BlackRD "96"]
[GameID "74020"]

1. d4 Nf6 2. e3 d5 3. c4 e6 4. Nc3 Bb4 5. Bd2 O-O 6. Nf3 b6 7. a3 Bd6 8. Be2 Bb7 9. O-O Nbd7 10. b4 dxc4
11. Bxc4 a6 12. Rc1 b5 13. Be2 h6 14. Re1 Re8 15. Bd3 Rc8 16. e4 e5 17. d5 c6 18. Be3 cxd5 19. exd5 Nxd5 20. Ne4 Rxc1
21. Qxc1 Nxe3 22. Nxd6 Bxf3 23. Qxe3 e4 24. Nxe8 Nf6 25. Nxf6+ Qxf6 26. Bxe4 Bxe4 27. Qxe4 Qg5 28. Qa8+ Kh7 29. Qxa6 Qd2 30. Kf1 Qd3+
31. Kg1 Qd2 32. Rf1 f5 33. Qxb5 f4 34. Qf5+
1-0

[Event "Any Which Way To Go!!"]
[Site "SchemingMind.com"]
[Date "2006.10.28"]
[Round "-"]
[White "Quanah4"]
[Black "nwhitelaw"]
[Result "1-0"]
[WhiteCountry "USA"]
[BlackCountry "GBR"]
[WhiteElo "1608"]
[WhiteRD "101"]
[BlackElo "1309"]
[BlackRD "65"]
[GameID "74021"]

1. d4 e6 2. e3 Nf6 3. c4 Ne4 4. Bd3 d5 5. Nc3 Bb4 6. cxd5 Bxc3+ 7. bxc3 Nxc3 8. Qc2 Nxd5 9. Nf3 c6 10. O-O Nb4
11. Qd2 a5 12. Ba3 N8a6 13. Bxa6 bxa6 14. Bxb4 axb4 15. Qxb4 a5 16. Qc5 g5 17. Qxc6+ Bd7 18. Qc3 O-O 19. h3 Rc8 20. Qd2 Bb5
21. Rfc1 e5 22. Nxe5 f6 23. Rxc8 Qxc8 24. Nd3 g4 25. h4 Qc4 26. Rc1 Qxd3 27. Qxd3 Bxd3 28. Rd1 Bc4 29. a3 h5 30. f3 gxf3
31. gxf3 Be2 32. Rd2 Bxf3 33. d5 Re8 34. d6 Rd8 35. Rd4 f5 36. Kf2 Bc6 37. Rf4 Be4 38. Kg3 Rxd6 39. Rf2 Rd3 40. Re2 Rxa3
41. Rd2 Rxe3+ 42. Kf4 Rf3+ 43. Ke5 a4 44. Rd8+ Kf7 45. Rd7+ Ke8 46. Rh7 a3 47. Ra7 Bb1 48. Ke6 a2 49. Ra8#
1-0

[Event "Any Which Way To Go!!"]
[Site "SchemingMind.com"]
[Date "2006.10.28"]
[Round "-"]
[White "Orhany24"]
[Black "Quanah4"]
[Result "1-0"]
[WhiteCountry "TUR"]
[BlackCountry "USA"]
[WhiteElo "1835"]
[WhiteRD "68"]
[BlackElo "1486"]
[BlackRD "133"]
[GameID "74023"]

1. e4 e6 2. d4 d5 3. e5 c5 4. c3 Nc6 5. Nf3 g6 6. Bg5 Nge7 7. Bf6 Rg8 8. dxc5 Bg7 9. Nd4 Bxf6 10. exf6 Nf5
11. Bb5 Bd7 12. O-O Qxf6 13. Re1 O-O-O 14. Qa4 Nfxd4 15. cxd4 a6 16. Nc3 axb5 17. Nxb5 Nb8 18. Na7+ Kc7 19. Qa5+ b6 20. Qxb6#
1-0

[Event "Any Which Way To Go!!"]
[Site "SchemingMind.com"]
[Date "2006.10.28"]
[Round "-"]
[White "e_castle3"]
[Black "Quanah4"]
[Result "1/2-1/2"]
[WhiteCountry "PHI"]
[BlackCountry "USA"]
[WhiteElo "1737"]
[WhiteRD "67"]
[BlackElo "1574"]
[BlackRD "85"]
[GameID "74024"]

1. d4 d5 2. c4 Nf6 3. Nc3 e6 4. e3 c5 5. Nf3 Nc6 6. cxd5 exd5 7. Bb5 Bd7 8. O-O Be7 9. dxc5 Bxc5 10. Nxd5 Be7
11. Nxe7 Qxe7 12. a3 O-O 13. b4 Rad8 14. Qe2 a6 15. Ba4 b5 16. Bc2 Bg4 17. h3 Bxf3 18. Qxf3 Ne5 19. Qe2 Nc4 20. a4 Ra8
21. axb5 axb5 22. Rxa8 Rxa8 23. Bd2 Rd8 24. Bc3 Rc8 25. Ra1 h6 26. Ra6 Nd6 27. Bxf6 Qxf6 28. e4 Qe7 29. Bd3 Re8 30. f3 Nc4
31. Bxc4 bxc4 32. Qxc4 Rb8 33. b5 Qd7 34. b6 Qd1+ 35. Kf2 Qd2+ 36. Kg3 Qd6+ 37. f4 Rxb6 38. Qc8+ Kh7 39. Rxb6 Qxb6 40. Qe8 Qe3+
41. Kg4 Qe2+ 42. Kg3 Qe3+ 43. Kg4 Qe2+ 44. Kg3 Qe3+ 45. Kg4 Qe2+ 46. Kg3 Qe3+ 47. Kg4 Qe2+ 48. Kg3 Qe3+ 49. Kg4 Qe2+ 50. Kg3
1/2-1/2

[Event "Any Which Way To Go!!"]
[Site "SchemingMind.com"]
[Date "2006.10.28"]
[Round "-"]
[White "Coloplast"]
[Black "Quanah4"]
[Result "1-0"]
[WhiteCountry "SWE"]
[BlackCountry "USA"]
[WhiteElo "1999"]
[WhiteRD "75"]
[BlackElo "1611"]
[BlackRD "90"]
[GameID "74025"]

1. d4 d5 2. c4 Nf6 3. Nc3 e6 4. Bf4 a6 5. Nf3 c5 6. e3 Nc6 7. cxd5 exd5 8. Be2 cxd4 9. Nxd4 Bb4 10. O-O Bxc3
11. bxc3 O-O 12. Qb3 Nxd4 13. cxd4 b5 14. a4 bxa4 15. Rxa4 a5 16. Rfa1 Bd7 17. R4a3 a4 18. Qb7 Qe8 19. Bd6 Bc6 20. Qb4 Ne4
21. Bxf8 Qxf8 22. Qxf8+ Kxf8 23. Bd1 f6 24. Bxa4 Bxa4 25. Rxa4 Rxa4 26. Rxa4 Kf7 27. Ra7+ Ke8 28. Rxg7 h5 29. Rh7 f5 30. Rxh5 Nd6
31. Rh7 Nf7 32. h4 Kf8 33. Kh2 Kg8 34. Rxf7 Kxf7 35. Kg3 Kg6 36. Kf4 Kf6 37. h5 Kg7 38. Kxf5 Kh6 39. g4 Kg7 40. g5 Kh7
41. Kf6 Kg8 42. h6 Kh7 43. f4 Kh8 44. Kg6 Kg8 45. f5 Kh8 46. f6 Kg8 47. f7+ Kf8 48. h7
1-0

[Event "Any Which Way To Go!!"]
[Site "SchemingMind.com"]
[Date "2006.10.28"]
[Round "-"]
[White "vorpalcrush"]
[Black "Quanah4"]
[Result "0-1"]
[WhiteCountry "AUS"]
[BlackCountry "USA"]
[WhiteElo "1392"]
[WhiteRD "96"]
[BlackElo "1608"]
[BlackRD "101"]
[GameID "74026"]

1. Nf3 d5 2. g3 e6 3. Bg2 c5 4. O-O Nf6 5. d3 Nc6 6. Nbd2 Be7 7. e4 O-O 8. Re1 d4 9. c3 e5 10. cxd4 cxd4
11. Nc4 Qc7 12. Qa4 Bd7 13. Qb5 a6 14. Qb6 Qb8 15. Bd2 Bd8 16. Qc5 b5 17. Ncxe5 Nxe5 18. Nxe5 Bb6 19. Nxd7 Nxd7 20. Qc6 Ne5
21. Qc2 Qb7 22. f4 Rac8 23. Qb3 Ng6 24. e5 Qd7 25. f5 Qxf5 26. Be4 Qd7 27. Rac1 Nxe5 28. Bf4 Ng4 29. h3 Rxc1 30. Rxc1 Nf6
31. g4 Nxe4 32. Be5 Nc5 33. Qd1 Ne6 34. Qf3 Bc7 35. Bxc7 Nxc7 36. Qf4 Ne6 37. Qd2 h6 38. h4 Qd6 39. Kg2 Re8 40. h5 Nf4+
41. Kh1 Re2 42. Rc8+ Kh7 43. Qa5 Qd5+
0-1

[Event "Any Which Way To Go!!"]
[Site "SchemingMind.com"]
[Date "2006.10.28"]
[Round "-"]
[White "nwhitelaw"]
[Black "Quanah4"]
[Result "1/2-1/2"]
[WhiteCountry "GBR"]
[BlackCountry "USA"]
[WhiteElo "1294"]
[WhiteRD "64"]
[BlackElo "1611"]
[BlackRD "90"]
[GameID "74027"]

1. Nf3 d5 2. Nc3 e6 3. e4 Nf6 4. d4 c5 5. e5 Nfd7 6. Bb5 b6 7. a4 a6 8. Bxd7+ Bxd7 9. O-O cxd4 10. Nxd4 Bc5
11. a5 Bxd4 12. Qxd4 Nc6 13. Qxb6 Nxe5 14. Qd4 f6 15. f4 Nc6 16. Qf2 O-O 17. Qg3 f5 18. h4 Rc8 19. Be3 d4 20. h5 dxe3
21. h6 g6 22. Qxe3 Qc7 23. Qb6 Nd8 24. Qd4 Rf7 25. Na4 Bxa4 26. Rxa4 Nc6 27. Qd3 Rd7 28. Qxa6 Rcd8 29. Qe2 Rd2 30. Qxe6+ Kf8
31. Qf6+ Qf7 32. Qxc6 Qd7 33. Qxd7 R8xd7 34. a6 Ra7 35. b4 Rxc2 36. b5 Rb2 37. Ra5 Ke7 38. Re1+ Kd6 39. b6 Rxb6 40. Rae5 Rbxa6
41. Rd1+ Kc6 42. Rc1+ Kd6 43. Re2 Ra1 44. Rd2+ Ke6 45. Rcd1 Rxd1+ 46. Rxd1 Ra6 47. Rd8 Ra7 48. Re8+= Re7 49. Rh8 Kf6 50. Kh2 g5
51. Kg3 gxf4+ 52. Kxf4 Re4+ 53. Kf3 Kg6 54. Rf8 Rb4 55. g3 Rc4 56. Kg2 Rc5=
1/2-1/2